|
|
|
|
| LEADER |
01623nam a22003612a 4500 |
| 001 |
000254560 |
| 003 |
CZ BrMZK |
| 005 |
20131105103614.0 |
| 007 |
ta |
| 008 |
950101s1966 xr a f cze d |
| 015 |
|
|
|a cnb000488513
|
| 035 |
|
|
|a (OCoLC)85349561
|
| 040 |
|
|
|a ABA001
|b cze
|c KLG001
|d ABA001
|d BOA001
|
| 041 |
1 |
|
|a cze
|h fre
|
| 080 |
|
|
|a 840-312.1-312.9+92 Supervielle, J.
|
| 100 |
1 |
|
|a Supervielle, Jules,
|d 1884-1960
|7 jn20000605220
|4 aut
|
| 245 |
1 |
0 |
|a Mladý muž v neděli a ve všední den /
|c Jules Supervielle ; z francouzského originálu přeložil a doslovem opatřil Jiří Konůpek ; ilustrovala Kateřina Černá
|
| 250 |
|
|
|a 1. vyd.
|
| 260 |
|
|
|a Praha :
|b Československý spisovatel,
|c 1966
|
| 300 |
|
|
|a 120 s. :
|b il. ;
|c 8°
|
| 490 |
1 |
|
|a Edice ilustrovaných novel ;
|v sv. 106
|
| 500 |
|
|
|a 25000 výt.
|
| 765 |
0 |
|
|t Jeune homme du dimanche et des autres jours
|9 Česky
|
| 700 |
1 |
|
|a Konůpek, Jiří,
|d 1919-1968
|7 jk01061579
|4 trl
|4 waw
|
| 700 |
1 |
|
|a Černá, Kateřina,
|d 1937-2024
|7 jk01021386
|4 ill
|
| 830 |
|
0 |
|a Edice ilustrovaných novel
|0 s
|
| 856 |
4 |
1 |
|u http://www.digitalniknihovna.cz/mzk/uuid/uuid:9b4bdbe0-e19a-11e3-b110-005056827e51
|y Digitalizovaný dokument
|x NDK
|
| 910 |
|
|
|a BOA001
|b 2-0554.985
|
| 990 |
|
|
|a BK
|
| 991 |
|
|
|b 201311
|
| 996 |
6 |
|
|b 2619027686
|c 2-0554.985
|l Sklad H1
|r Sklad / do 24 hodin
|n 0
|h HS212
|w 000254560
|u 000030
|a 1
|e BOA001
|j MZK50
|s P
|
| 996 |
7 |
|
|b 2619215713
|c 2-0554.985
|l Sklad H1
|r Sklad / do 24 hodin
|n 2
|h HS212
|w 000254560
|u 000020
|a 1
|e BOA001
|j MZK50
|s A
|
| 996 |
7 |
|
|b 2619903678
|c 2-0554.985
|l Sklad H1
|r Sklad / do 24 hodin
|n 5
|h HS212
|w 000254560
|u 000010
|a 1
|e BOA001
|j MZK50
|s A
|